000 00564nam a2200193Ia 4500
003 GCL
005 20240530095451.0
008 140319s9999 xx 000 0 ara d
020 _a408835691
040 _aGCL /
_cGCL
082 0 4 _a813.02
_bط/س ع
100 1 _aساندبيرغ.انجر ولاسه
245 1 0 _aعالجونى، قال سمسم /
_cساندبيرغ.انجر ولاسه
260 _a[S.N] :
_bدار المنى
300 _a32 ص ؛
_c26 سم
650 0 4 _aالقصص القصيرة
650 0 4 _aقصص الاطفال
942 _2ddc
_cBK
999 _c7556
_d7556